Online katalóg knižníc regiónu Turca

Zlatá Petra Vlhová (Record no. 20310)

MARC details
000 -LEADER
fixed length control field 02113cam a2200625 4500
001 - CONTROL NUMBER
control field 20310
003 - CONTROL NUMBER IDENTIFIER
control field VRT
005 - DATE AND TIME OF LATEST TRANSACTION
control field 20260121114015.0
008 - FIXED-LENGTH DATA ELEMENTS--GENERAL INFORMATION
fixed length control field 210624s2019 xr o grn 000 1bslo
015 ## - NATIONAL BIBLIOGRAPHY NUMBER
National bibliography number SNBZSA2020/11
020 ## - INTERNATIONAL STANDARD BOOK NUMBER
International Standard Book Number 9788087685778
Qualifying information (viazané)
035 ## - SYSTEM CONTROL NUMBER
System control number urn:nbn:sk:snk-am00eeax
035 ## - SYSTEM CONTROL NUMBER
System control number urn:nbn:sk:snk-am3ihl3
035 ## - SYSTEM CONTROL NUMBER
System control number 9F70A03E-DA69-465E-A8CC-4F8550D1D6F1
039 #9 - LEVEL OF BIBLIOGRAPHIC CONTROL AND CODING DETAIL [OBSOLETE]
Level of rules in bibliographic description 202106241129
Level of effort used to assign nonsubject heading access points VLOAD
Level of effort used to assign subject headings 202102090839
Level of effort used to assign classification VLOAD
Level of effort used to assign subject headings 202102081106
Level of effort used to assign classification VLOAD
Level of effort used to assign subject headings 202011191230
Level of effort used to assign classification msnk167
040 ## - CATALOGING SOURCE
Original cataloging agency PPPK
Language of cataloging slo
Transcribing agency PPPK
Modifying agency SNK
Description conventions rda
041 1# - LANGUAGE CODE
Language code of text/sound track or separate title slo
043 ## - GEOGRAPHIC AREA CODE
Geographic area code e-xo---
044 ## - COUNTRY OF PUBLISHING/PRODUCING ENTITY CODE
MARC country code xr
ISO country code CZ
072 #7 - SUBJECT CATEGORY CODE
Subject category code 796
Subject category code subdivision Šport. Hry. Telesné cvičenia
Source konspekt
072 #7 - SUBJECT CATEGORY CODE
Subject category code 929
Subject category code subdivision Biografie
Source konspekt
080 ## - UNIVERSAL DECIMAL CLASSIFICATION NUMBER
Universal Decimal Classification number 796.92
Edition identifier 2011
080 ## - UNIVERSAL DECIMAL CLASSIFICATION NUMBER
Universal Decimal Classification number 796.92.071.2
Edition identifier 2011
080 ## - UNIVERSAL DECIMAL CLASSIFICATION NUMBER
Universal Decimal Classification number 929-058.1
Edition identifier 2011
080 ## - UNIVERSAL DECIMAL CLASSIFICATION NUMBER
Universal Decimal Classification number (437.6)
Edition identifier 2011
080 ## - UNIVERSAL DECIMAL CLASSIFICATION NUMBER
Universal Decimal Classification number (092)
Edition identifier 2011
100 1# - MAIN ENTRY--PERSONAL NAME
Personal name Čermáková, Dana,
Dates associated with a name 1960-
Relationship aut
245 10 - TITLE STATEMENT
Title Zlatá Petra Vlhová
Statement of responsibility, etc. Dana Čermáková
250 ## - EDITION STATEMENT
Edition statement První vydání
264 #1 - PRODUCTION, PUBLICATION, DISTRIBUTION, MANUFACTURE, AND COPYRIGHT NOTICE
Place of production, publication, distribution, manufacture [Praha]
Name of producer, publisher, distributor, manufacturer Imagination of People
Date of production, publication, distribution, manufacture, or copyright notice 2019
300 ## - PHYSICAL DESCRIPTION
Extent 127 strán, XVI strán obrazových príloh
Other physical details farebné fotografie
Dimensions 22 cm
336 ## - CONTENT TYPE
Content type term text
Content type code txt
Source rdacontent
337 ## - MEDIA TYPE
Media type term bez média
Media type code n
Source rdamedia
338 ## - CARRIER TYPE
Carrier type term zväzok
Carrier type code nc
Source rdacarrier
490 1# - SERIES STATEMENT
Series statement Portréty
504 ## - BIBLIOGRAPHY, ETC. NOTE
Bibliography, etc. note Obsahuje bibliografiu na strane 127
600 14 - SUBJECT ADDED ENTRY--PERSONAL NAME
Personal name Vlhová, Petra,
Dates associated with a name 1995-
650 07 - SUBJECT ADDED ENTRY--TOPICAL TERM
Topical term or geographic name entry element lyžovanie
Source of heading or term SNKPH
650 07 - SUBJECT ADDED ENTRY--TOPICAL TERM
Topical term or geographic name entry element lyžiari
Source of heading or term SNKPH
650 07 - SUBJECT ADDED ENTRY--TOPICAL TERM
Topical term or geographic name entry element osobnosti
Source of heading or term SNKPH
650 07 - SUBJECT ADDED ENTRY--TOPICAL TERM
Topical term or geographic name entry element Skiing
Source of heading or term SNKPHeng
650 07 - SUBJECT ADDED ENTRY--TOPICAL TERM
Topical term or geographic name entry element Skiers
Source of heading or term SNKPHeng
650 07 - SUBJECT ADDED ENTRY--TOPICAL TERM
Topical term or geographic name entry element Celebrities
Source of heading or term SNKPHeng
651 #7 - SUBJECT ADDED ENTRY--GEOGRAPHIC NAME
Geographic name Slovensko
Source of heading or term SNKPHgeo
651 #7 - SUBJECT ADDED ENTRY--GEOGRAPHIC NAME
Geographic name Slovakia
Source of heading or term SNKPHeng
655 #7 - INDEX TERM--GENRE/FORM
Genre/form data or focus term biografie
Source of term SNKPH
655 #7 - INDEX TERM--GENRE/FORM
Genre/form data or focus term Biography
Source of term SNKPHeng
830 #0 - SERIES ADDED ENTRY--UNIFORM TITLE
Uniform title Portréty
910 ## - USER-OPTION DATA (OCLC)
User-option data snk
942 ## - ADDED ENTRY ELEMENTS (KOHA)
Source of classification or shelving scheme Dewey Decimal Classification
Koha item type Odborná literatúra pre dospelých
Suppress in OPAC No
949 ## - LOCAL PROCESSING INFORMATION (OCLC)
6 17A1443576
9 snkČER 796:929
a snkSC 188943 D1
b snk2020/17131
o Pemic48-ah/85Int. č. fa – 41/2019
949 ## - LOCAL PROCESSING INFORMATION (OCLC)
6 273K0641428
a svkpoB 106378
b svkpo633131
949 ## - LOCAL PROCESSING INFORMATION (OCLC)
6 270001000603287
a svkbbA 157848
b svkbbm 784295
949 ## - LOCAL PROCESSING INFORMATION (OCLC)
6 17A1418393
a snkSC 188943
b snk2020/10211
o Pemic37-ah/11Int. č. fa – 29/2019
s 6100:20201016
Holdings
Stav vyradenia Strata Poškodenie Spôsob nadobudnutia Domovská knižnica Aktuálna knižnica Dátum nadobudnutia Total checkouts Čiarový kód exemplára Date last seen Typ exemplára
      Dar Obecná knižnica Horná Štubňa Obecná knižnica Horná Štubňa 21.01.2026   9788087685778 21.01.2026 Odborná literatúra pre dospelých
Projekt je podporený Slovenskou asociáciou knižníc
Prevádzkuje Turčianska knižnica Martin 2026